00581nam a22001937a 4500003000200000005001700002008004100019020001800060050002200078100002900100245006700129250001200196260003700208300003300245504005100278650002000329650002200349650001600371020241010140428.0241010b xxu||||| |||| 00| 0 eng d a9789395431972 aQA 267b.H36 2024 aHanes, William,eauthor. aMathematical foundations of computer science /cWilliam Hanes. a1st ed. aNew Delhi :bVenus Books,c2024. aix, 292 p. :bill. ;c24 cm. aIncludes bibliographical references and index. aMachine theory. aFormal languages. aAlgorithms.